00285nam a2200121Ia 4500008004100000041000900041082001500050100002000065245002400085260003800109300000800147650000800155230718s9999 xx 000 0 und d aEng. a320bCUR-N aCurtis, Richard 0aNon-Resident Trisi  aPakistanbSweel and Maxwellc2000 a378 aLaw